书目信息 |
| 题名: |
黄埔军校史料
|
|
| 作者: | ;广东革命历史博物馆 编 | |
| 分册: | ||
| 出版信息: | 广州 广东人民出版社 1982.02 |
|
| 页数: | 588页 | |
| 开本: | 19cm | |
| 丛书名: | ||
| 单 册: | ||
| 中图分类: | K262.06 | |
| 科图分类: | ||
| 主题词: | 中国--历史 | |
| 电子资源: | ||
| ISBN: | ||
| 000 | 00641nam0 2200217 45 | |
| 001 | 0212040994 | |
| 005 | 20031219104101.7 | |
| 010 | @dCNY1.65 | |
| 091 | @a11111.76 | |
| 100 | @a20021204d1982 km y0chiy0120 ea | |
| 101 | 0 | @achi |
| 105 | @ac z 000yy | |
| 200 | 1 | @a黄埔军校史料@AHuang Pu Jun Xiao Shi Liao@e1924-1927@f广东革命历史博物馆编@FGuang Dong Ge Ming Li Shi Bo Wu Guan Bian |
| 210 | @a广州@c广东人民出版社@d1982.02 | |
| 215 | @a588页@c冠图:照片@d19cm | |
| 517 | @a1924-1927 | |
| 606 | 0 | @a中国@x历史 |
| 690 | @aK262.06@v3 | |
| 711 | 02 | @a广东革命历史博物馆@4编 |
| 801 | @aCN@bTSTC@c20021204 | |
| 905 | @f1@b219555@dK262.06@e25 | |
| 黄埔军校史料:1924-1927/广东革命历史博物馆编.-广州:广东人民出版社,1982.02 |
| 588页:冠图:照片;19cm |
| ISBN :CNY1.65 |
| ● |
| 相关链接 |
|
|
|
|
正题名:黄埔军校史料
索取号:K262.06/25
 
预约/预借
| 序号 | 登录号 | 条形码 | 馆藏地/架位号 | 状态 | 备注 |
| 1 | 0219555 | 001733440 | 第二样本阅览室/ [索取号:K262.06/25] | 在馆 |